La manne de L'ame, ou meditations sur des passages choisis de l'écriture sainte pour tous les jours de l'année

Detalles Bibliográficos
Autor principal: SEÑERI, Pablo
Formato: Libro
Publicado: Lyon/París 1853
Materias:
Colección:Banco de datos
Acervo:Biblioteca Nacional de Antropología e Historia. Fondo Conventual
Descripción Física:t. I.
Tema general:Homilética
Notas:Buena. Impreso en Aviñón por Fr. Seguin. XIX, 6, 2.
LEADER 00781nam a22002050004500
035 |a 8393 
036 |a 2998 
100 1 |a SEÑERI, Pablo 
245 1 0 |a La manne de L'ame, ou meditations sur des passages choisis de l'écriture sainte pour tous les jours de l'année 
260 |a Lyon/París  |b Librería Católica de los Hermanos Perisse  |c 1853 
300 |a t. I. 
500 |a Buena. Impreso en Aviñón por Fr. Seguin. XIX, 6, 2. 
650 1 0 |a Homilética 
949 |a B.N.A.H. 
959 |a Biblioteca Nacional de Antropología e Historia. Ciudad de México  |b CCC1 
960 |a Seminario de Morelia  |b DD56 
961 |a Casa de formación del Clero Secular  |b CS 
942 |c B.N.A.H. 
943 |g Biblioteca Nacional de Antropología e Historia. Fondo Conventual 
999 |c 1032925  |d 1032925